| 000 | 01077nam a22003490a 4500 | ||
|---|---|---|---|
| 001 | PT7662 | ||
| 003 | AR-LpoUNG | ||
| 005 | 20210131232214.0 | ||
| 008 | 191001s1997||||ag |||||||||||||||||spa d | ||
| 020 |
_a9500712385 _c$5.90 |
||
| 040 |
_aAR-LpoUNG _bspa _cAR-LpoUNG _eaacr |
||
| 041 | _aspa | ||
| 044 | _aag | ||
| 082 | 0 | _a982.04 748trad | |
| 100 | 1 | _aBotana, Natalio R. | |
| 245 | 1 | 3 |
_aLa tradición republicana : _bAlberdi, Sarmiento y las ideas políticas de su tiempo |
| 250 | _a2da. ed. | ||
| 260 |
_aBuenos Aires : _bSudamericana, _c1997. |
||
| 300 |
_aIX., 530 p. : _bgráfs. |
||
| 520 | _a<p>Biografía intelectual de dos vidas - las de Alberdi y Sarmiento - empeñadas en derrotar el desierto bárbaro. La tradición republicana define con exactitud un cuadro irrepetible de nuestra historia.</p> | ||
| 650 | 4 | _aAMERICA | |
| 650 | 4 | _aAUTORES | |
| 650 | 4 | _aCULTURA | |
| 650 | 4 | _aDEMOCRACIA | |
| 650 | 4 | _aESTADO | |
| 650 | 4 | _aEUROPA | |
| 650 | 4 | _aIDEOLOGIAS | |
| 650 | 4 | _aPOLITICA | |
| 650 | 4 | _aREVOLUCION | |
| 905 | _a7662 | ||
| 942 | _cLSALA | ||
| 999 |
_c14343 _d14343 |
||